书目信息 |
| 题名: |
合同理论
|
|
| 作者: | 博尔顿 , 德瓦特里庞 著 ;费方域 , 蒋士成 , 郑育家 译 | |
| 分册: | ||
| 出版信息: | 上海 [等] 格致出版社 [等] 2021 |
|
| 页数: | 17, 505页 | |
| 开本: | 26cm | |
| 丛书名: | 当代经济学系列丛书 | |
| 单 册: | ||
| 中图分类: | D923.61 | |
| 科图分类: | ||
| 主题词: | 合同法--he tong fa--法的理论--高等学校--中国--教材 | |
| 电子资源: | ||
| ISBN: | 978-7-5432-3201-3 | |
| 000 | 02113nam 2200385 450 | |
| 001 | 2364652546 | |
| 005 | 20240107141203.68 | |
| 010 | @a978-7-5432-3201-3@dCNY100.00,原价108.00 | |
| 100 | @a20210326d2021 em y0chiy50 ea | |
| 101 | 1 | @achi@ceng |
| 102 | @aCN@b310000 | |
| 105 | @aa a 000yy | |
| 200 | 1 | @a合同理论@Ahe tong li lun@f(美) 帕特里克·博尔顿, 马赛厄斯·德瓦特里庞著@g费方域, 蒋士成, 郑育家等译 |
| 210 | @a上海 [等]@c格致出版社 [等]@d2021 | |
| 215 | @a17, 505页@c图@d26cm | |
| 225 | 2 | @a当代经济学系列丛书@Adang dai jing ji xue xi lie cong shu@i当代经济学教学参考书系 |
| 300 | @a国家“十三五”重点图书 | |
| 306 | @a上海 : 格致出版社, 2021 | |
| 306 | @a上海 : 上海三联出版社, 2021 | |
| 306 | @a上海 : 上海人民出版社, 2021 | |
| 312 | @a英文题名原文取自封面 | |
| 314 | @a帕特里克·博尔顿, 美国哥伦比亚大学教授, 研究领域: 产业组织理论、公司金融、公司治理、政治经济学、转轨和发展经济学、合同理论。马赛厄斯·德瓦特里庞, 比利时布鲁塞尔自由大学教授, 研究领域: 激励和组织理论、公司金融、转轨经济学。 | |
| 320 | @a有书目 (第474-505页) | |
| 330 | @a合同理论, 也称为信息经济学、激励理论, 是当前微观经济学的重要理论分支之一, 在劳动经济学、组织理论、公司金融, 以及产业组织理论、规制理论、公共财政或企业理论等许多领域有重要应用, 并成为经济学、金融学、管理学、公司法等学科中非常成功和有活力的研究领域, 其理论和时间指导价值日益受到重视。这部由组织经济学和金融学领域的两位大家所著的教科书, 内容丰富, 深入浅出。这本全面系统介绍合同理论的教材, 共分静态双边合同、静态多边合同、重复的双边合同、不完全合同四大部分, 在第1章引言之后, 分12章介绍了合同理论的各个分支, 最后一章是习题。 | |
| 410 | 0 | @12001 @a当代经济学系列丛书@i当代经济学教学参考书系 |
| 500 | 10 | @aContract theory@mChinese |
| 606 | 0 | @a合同法@Ahe tong fa@x法的理论@x高等学校@y中国@j教材 |
| 690 | @aD923.61@v5 | |
| 701 | 1 | @a博尔顿@Abo er dun@g(Bolton, Patrick)@4著 |
| 701 | 1 | @a德瓦特里庞@Ade wa te li pang@g(Dewatripont, Mathias)@4著 |
| 702 | 0 | @a费方域@Afei fang yu@4译 |
| 702 | 0 | @a蒋士成@Ajiang shi cheng@4译 |
| 702 | 0 | @a郑育家@Azheng yu jia@4译 |
| 801 | 0 | @aCN@b湖北三新@c20210326 |
| 905 | @aZUCC@dD923.61@e2 | |
| 合同理论/(美) 帕特里克·博尔顿, 马赛厄斯·德瓦特里庞著/费方域, 蒋士成, 郑育家等译.-上海 [等]:格致出版社 [等],2021 |
| 17, 505页:图;26cm.-(当代经济学系列丛书.当代经济学教学参考书系) |
| 国家“十三五”重点图书 |
| ISBN 978-7-5432-3201-3:CNY100.00,原价108.00 |
| 合同理论, 也称为信息经济学、激励理论, 是当前微观经济学的重要理论分支之一, 在劳动经济学、组织理论、公司金融, 以及产业组织理论、规制理论、公共财政或企业理论等许多领域有重要应用, 并成为经济学、金融学、管理学、公司法等学科中非常成功和有活力的研究领域, 其理论和时间指导价值日益受到重视。这部由组织经济学和金融学领域的两位大家所著的教科书, 内容丰富, 深入浅出。这本全面系统介绍合同理论的教材, 共分静态双边合同、静态多边合同、重复的双边合同、不完全合同四大部分, 在第1章引言之后, 分12章介绍了合同理论的各个分支, 最后一章是习题。 |
| ● |
| 相关链接 |
|
|
|
正题名:合同理论
索取号:D923.61/2
 
预约/预借
| 序号 | 登录号 | 条形码 | 馆藏地/架位号 | 状态 | 备注 |
| 1 | 2001325816 | 2001325816 | 505书库/ [索取号:D923.61/2] | 在馆 | |
| 2 | 2001325817 | 2001325817 | 504书库/ [索取号:D923.61/2] | 在馆 | |
| 3 | 2001325818 | 2001325818 | 504书库/ [索取号:D923.61/2] | 在馆 | |
| 4 | 2001325819 | 2001325819 | 505书库/ [索取号:D923.61/2] | 在馆 | |
| 5 | 2001325820 | 2001325820 | 505书库/ [索取号:D923.61/2] | 在馆 | |
| 6 | 2001325821 | 2001325821 | 505书库/ [索取号:D923.61/2] | 在馆 | |
| 7 | 2001325822 | 2001325822 | 504书库/ [索取号:D923.61/2] | 在馆 | |
| 8 | 2001325823 | 2001325823 | 505书库/ [索取号:D923.61/2] | 在馆 | |
| 9 | 2001325824 | 2001325824 | 505书库/ [索取号:D923.61/2] | 在馆 | |
| 10 | 2001325825 | 2001325825 | 505书库/ [索取号:D923.61/2] | 在馆 | |
| 11 | 2001325826 | 2001325826 | 504书库/ [索取号:D923.61/2] | 在馆 | |
| 12 | 2001325827 | 2001325827 | 504书库/ [索取号:D923.61/2] | 在馆 | |
| 13 | 2001325828 | 2001325828 | 315书库/ [索取号:D923.61/2] | 在馆 | |
| 14 | 2001325829 | 2001325829 | 315书库/ [索取号:D923.61/2] | 在馆 | |
| 15 | 2001325830 | 2001325830 | 315书库/ [索取号:D923.61/2] | 在馆 | |
| 16 | 2001325831 | 2001325831 | 315书库/ [索取号:D923.61/2] | 在馆 | |
| 17 | 2001325832 | 2001325832 | 315书库/ [索取号:D923.61/2] | 在馆 | |
| 18 | 2001325833 | 2001325833 | 505书库/ [索取号:D923.61/2] | 在馆 | |
| 19 | 2001325834 | 2001325834 | 505书库/ [索取号:D923.61/2] | 在馆 | |
| 20 | 2001325835 | 2001325835 | 315书库/ [索取号:D923.61/2] | 在馆 | |
| 21 | 2001325836 | 2001325836 | 505书库/ [索取号:D923.61/2] | 在馆 | |
| 22 | 2001325837 | 2001325837 | 505书库/ [索取号:D923.61/2] | 在馆 | |
| 23 | 2001325838 | 2001325838 | 504书库/ [索取号:D923.61/2] | 在馆 |